000 00463nam a2200169Ia 4500
005 20250423101741.0
008 250422s9999 xx 000 0 und d
020 _a0521281423
050 _aPE 1128 .C64/
100 _aNorman Coe
245 0 _aWriting skills: a problem- solving approach for upper- intermediate and more advanced students
260 _aNew York
260 _bCambridge university press
260 _c1983
300 _a95 p
942 _cBK
999 _c37167
_d37167